000 01159nam a2200313 i 4500
003 EG-GICUC
005 20260226182838.0
008 260226b1984 ua ||||f |||| 000 0 ara d
017 _a1984/4051
040 _a EG-GICUC
_bara
_c EG-GICUC
_d EG-GICUC
_erda
082 0 4 _221
_a341.2
_bح س . ت
092 0 4 _221
099 _aLaw1 11 341.2 ح س . ت 1984
100 0 _aحسين أحمد الشافعي
_eمؤلف.
245 1 2 _aالتنظيم الدولي للعلاقات الرياضية :
_bمحاولة إنشاء منتظم حكومي دولي /
_cحسين أحمد الشافعي.
264 1 _aالأسكندرية :
_bمنشأة معارف ،
_c1984 .
300 _a195 صفحة ؛
_c24 سم
336 _2rda content
_atext
337 _2rda media
_aComputer
338 _2rda carrier
_aOnline Resource
490 _3`
504 _a. 240-220 ببليوجرافيا: صفحات.
546 _aالنص باللغة العربية
650 1 _aالقانون الدولي العام
650 1 _aالمجتمع الدولي
856 4 0 _uhttps://fll.law.cu.edu.eg/fulltext/bks/B11-07660.pdf
905 _a59
942 _2ddc
_cBK
_e21
_n0
999 _c64269
_d64269